Statistics for Secondary Names of English Football Clubs

Click here to take the quiz!

General Stats

  • This quiz has been taken 69,616 times
    (69,605 since last reset)
  • The average score is 10 of 20

Answer Stats

Answer% Correct
United
98%
City
96%
Town
64%
Rovers
62%
Hotspur
61%
Albion
59%
Wanderers
59%
Villa
55%
Athletic
51%
Wednesday
46%
County
45%
Palace
43%
Rangers
42%
Forest
41%
Argyle
28%
Dons
22%
North End
21%
Stanley
21%
Orient
20%
Alexandra
17%

Score Distribution

Percentile by Number Answered

Percent of People with Each Score

Your Score History

You have not taken this quiz since the last reset